Films avec Alain Delon par image - Statistiques

Statistiques générales
  • Ce quiz a été pris 355 fois
  • Le résultat moyen est 8 sur 16
Statistiques - réponses
Par images Réponse % Correct
Zorro
98%
Astérix aux Jeux olympiques
94%
La Piscine
81%
Borsalino
66%
Le Guépard
64%
Le Samouraï
59%
Plein Soleil
55%
Le Clan des Siciliens
51%
Monsieur Klein
47%
Rocco et ses frères
44%
Le Cercle rouge
40%
Mélodie en sous-sol
36%
La Tulipe noire
31%
Soleil rouge
26%
Les Aventuriers
23%
Paris brûle-t-il ?
6%
Aucun quiz correspondant
Distribution des résultats
% des personnes avec chaque résultat
Percentile par nombre de réponses
Votre historique - résultats
Vous n’avez pas pris ce quiz